Структура, оптические свойства и радиационная стойкость синтезированных и модифицированных порошков титаната бария: автореферат диссертации на соискание ученой степени кандидата технических наук; спец. 01.04.07

Bibliografiske detaljer
Hovedforfatter: Утебеков Т. А. Тимур Аскарович
Institution som forfatter: Томский государственный университет систем управления и радиоэлектроники (ТУСУР)
Andre forfattere: Михайлов М. М. Михаил Михайлович (научный руководитель)
Summary:Защита сост. 6.11.2013 г.
Sprog:russisk
Udgivet: Томск, 2013
Fag:
Format: MixedMaterials Bog
KOHA link:https://koha.lib.tpu.ru/cgi-bin/koha/opac-detail.pl?biblionumber=245916

MARC

LEADER 00000nam0a2200000 4500
001 245916
005 20231101232150.0
035 |a (RuTPU)RU\TPU\book\267354 
090 |a 245916 
100 |a 20131120d2013 k y0rusy50 ca 
101 0 |a rus 
102 |a RU 
105 |a a dm 001zy 
200 1 |a Структура, оптические свойства и радиационная стойкость синтезированных и модифицированных порошков титаната бария  |e автореферат диссертации на соискание ученой степени кандидата технических наук  |e спец. 01.04.07  |f Т. А. Утебеков  |g Томский государственный университет систем управления и радиоэлектроники (ТУСУР) ; науч. рук. М. М. Михайлов 
210 |a Томск  |d 2013 
215 |a 21 с.  |c ил. 
300 |a Защита сост. 6.11.2013 г. 
320 |a Библиогр.: с. 21 (11 назв.). 
452 1 |0 (RuTPU)RU\TPU\book\265724  |t Структура, оптические свойства и радиационная стойкость синтезированных и модифицированных порошков титаната бария  |o автореферат диссертации на соискание ученой степени кандидата технических наук  |o спец. 01.04.07  |f Т. А. Утебеков  |g Томский государственный университет систем управления и радиоэлектроники (ТУСУР) ; науч. рук. М. М. Михайлов  |c Томск  |d 2013  |a Утебеков, Тимур Аскарович 
606 1 |a Барий, титанат  |x Физико-механические свойства  |2 stltpush  |3 (RuTPU)RU\TPU\subj\28077  |9 51678 
610 1 |a титанат бария 
610 1 |a кристаллическая структура 
610 1 |a свойства 
610 1 |a отражающие порошки 
610 1 |a нанопорошки 
610 1 |a радиационная стойкость 
610 1 |a гранулометрический состав 
610 1 |a рентгеноструктурный состав 
610 1 |a рентгенофазовый состав 
610 1 |a исследование 
610 1 |a излучательная способность 
610 1 |a температурные зависимости 
610 1 |a оптические свойства 
610 1 |a радиационная стойкость 
610 1 |a авторефераты диссертаций 
675 |a 537.226.4(04)  |v 3 
686 |a 01.04.07  |2 oksvnk 
700 1 |a Утебеков  |b Т. А.  |g Тимур Аскарович 
702 1 |a Михайлов  |b М. М.  |c специалист в области электротехники  |c заведующий лабораторией радиационного и космического материаловедения ТУСУРа  |c доктор физико-математических наук, профессор  |f 1941-  |g Михаил Михайлович  |2 stltpush  |3 (RuTPU)RU\TPU\pers\11869  |4 727 
712 0 2 |a Томский государственный университет систем управления и радиоэлектроники (ТУСУР)  |c (1997 - )  |2 stltpush  |3 (RuTPU)RU\TPU\col\422 
801 1 |a RU  |b 63413507  |c 20131120 
801 2 |a RU  |b 63413507  |c 20220217  |g RCR 
942 |c BK